| 000 | 00931nam a22002777a 4500 | ||
|---|---|---|---|
| 001 | 4039 | ||
| 003 | FISKH | ||
| 005 | 20260114100444.0 | ||
| 008 | 240603b cb ||||| |||| 00| 0 eng d | ||
| 020 | _a708431201477 | ||
| 040 |
_aFISKH _beng _cFISKH _dFISKH |
||
| 082 | _a372.4 | ||
| 100 |
_aPixar, Disnep _eauthor |
||
| 245 |
_aToy Story 3: _cillustrated by Estudi Iboix _b To Imagination and Beyond / |
||
| 260 |
_aCalifornia : _bLeapFrog Interprises, Inc ; _c2010 |
||
| 300 |
_a19 pages : _bcolor illustrations ; _c18 cm . |
||
| 490 | _aTag Juior | ||
| 505 | _aJ | ||
| 520 | _aJoin Bonnie and her toys on exciting adventures to seven different worlds of imagination. Introduces imaginative play and storytelling. | ||
| 521 | 8 |
_a500
_bLexile estimate |
|
| 521 | 8 |
_aJ
_bRaz-Plus |
|
| 650 |
_aBoard book _vNon-fiction |
||
| 700 |
_aIboix, Estudi _eillustrator |
||
| 942 |
_2ddc _cBK _n0 |
||
| 999 |
_c4039 _d4039 |
||